000 00353nam a2200133Ia 4500
005 20260328104259.0
008 260328s9999||||xx |||||||||||||| ||und||
100 _aGarcía Márquez, Gabriel
245 0 _aEl coronel no tiene quien le escriba /
_cGabriel García Márquez
260 _bNorma
300 _a200 p.
650 _aLITERATURA
942 _cBK
999 _c10533
_d10533